<?xml version="1.0" encoding="UTF-8"?>
<record
    xmlns:xsi="http://www.w3.org/2001/XMLSchema-instance"
    xsi:schemaLocation="http://www.loc.gov/MARC21/slim http://www.loc.gov/standards/marcxml/schema/MARC21slim.xsd"
    xmlns="http://www.loc.gov/MARC21/slim">

  <leader>01301    a2200169   4500</leader>
  <controlfield tag="003">Nust</controlfield>
  <controlfield tag="005">20230131130030.0</controlfield>
  <datafield tag="040" ind1=" " ind2=" ">
    <subfield code="c">Nust</subfield>
  </datafield>
  <datafield tag="082" ind1=" " ind2=" ">
    <subfield code="a">808.83,MEL</subfield>
  </datafield>
  <datafield tag="100" ind1=" " ind2=" ">
    <subfield code="a">Lander E</subfield>
    <subfield code="9">108222</subfield>
  </datafield>
  <datafield tag="245" ind1=" " ind2=" ">
    <subfield code="a">Typee Herman Melville / </subfield>
    <subfield code="c">E Lander</subfield>
  </datafield>
  <datafield tag="260" ind1=" " ind2=" ">
    <subfield code="a">London</subfield>
    <subfield code="b">Collins</subfield>
  </datafield>
  <datafield tag="300" ind1=" " ind2=" ">
    <subfield code="a">366:p</subfield>
  </datafield>
  <datafield tag="505" ind1=" " ind2=" ">
    <subfield code="a">The Sea (Page-1), Passage from the Cruising Ground to the Marquesas (Page-9), Some Account of the Late Operation of the French at The Marquesas (Page-18), State of Affairs Aboard the Ship (Page-23), Swimming in Company With Girls of The Valley (Page-173), Reflection After Marnoos Departure (Page-191), History of a Day as Usually Spent in the Type Valley (Page-200), The Spring of Aria Wai (Page-206), Preparation for a Grand Festival in the Valley (Page-211), The Feast of Calabashes (Page-219), Ideas Suggested by the Feast of Calabashes (Page-228), general Information Gathered at the Festival (Page-244), King Mehevi (Page-255), The Social Condition (Page-272),  Fishing Parties (Page-281), Natural History of the Valley (Page-286), A Professor of the Fine Art (Page-295), Strange Custom of the Islanders (Page-307), Apprehensions of Evil (Page-314), The Stranger Again Arrives in the Valley (Page-327), The Escape (Page-334).</subfield>
  </datafield>
  <datafield tag="650" ind1=" " ind2=" ">
    <subfield code="a">Novel</subfield>
    <subfield code="9">2525</subfield>
  </datafield>
  <datafield tag="942" ind1=" " ind2=" ">
    <subfield code="2">ddc</subfield>
    <subfield code="c">BK</subfield>
    <subfield code="k">808.83,MEL</subfield>
  </datafield>
  <datafield tag="999" ind1=" " ind2=" ">
    <subfield code="c">186390</subfield>
    <subfield code="d">186390</subfield>
  </datafield>
  <datafield tag="952" ind1=" " ind2=" ">
    <subfield code="0">0</subfield>
    <subfield code="1">0</subfield>
    <subfield code="2">ddc</subfield>
    <subfield code="4">0</subfield>
    <subfield code="7">0</subfield>
    <subfield code="a">MCS</subfield>
    <subfield code="b">MCS</subfield>
    <subfield code="c">GEN</subfield>
    <subfield code="d">2016-12-12</subfield>
    <subfield code="o">808.83,MEL</subfield>
    <subfield code="p">MCS29898</subfield>
    <subfield code="r">2016-12-08</subfield>
    <subfield code="w">2016-12-12</subfield>
    <subfield code="y">BK</subfield>
    <subfield code="z">Almirah No. 57, Shelf No.1</subfield>
  </datafield>
</record>
